Recession at work (Record no. 12773)

MARC details
000 -LEADER
fixed length control field 02064nam a2200361Ia 4500
001 - CONTROL NUMBER
control field 9780203427378
003 - CONTROL NUMBER IDENTIFIER
control field BD-DhSAU
005 - DATE AND TIME OF LATEST TRANSACTION
control field 20151012151721.0
006 - FIXED-LENGTH DATA ELEMENTS--ADDITIONAL MATERIAL CHARACTERISTICS
fixed length control field a|||||s|||||||||||
007 - PHYSICAL DESCRIPTION FIXED FIELD--GENERAL INFORMATION
fixed length control field cr||||
008 - FIXED-LENGTH DATA ELEMENTS--GENERAL INFORMATION
fixed length control field 130405s2013 nyuad sb 001 0 eng d
020 ## - INTERNATIONAL STANDARD BOOK NUMBER
International Standard Book Number 9780203427378 (e-book : PDF)
040 ## - CATALOGING SOURCE
Original cataloging agency BD-DhSAU
Transcribing agency BD-DhSAU
043 ## - GEOGRAPHIC AREA CODE
Geographic area code e-ie---
090 ## - LOCALLY ASSIGNED LC-TYPE CALL NUMBER (OCLC); LOCAL CALL NUMBER (OCLC)
Classification number (OCLC) (R) ; Classification number, CALL (RLIN) (NR) HF5549.2.I73
Local cutter number (OCLC) ; Book number/undivided call number, CALL (RLIN) R73 2013
092 ## - LOCALLY ASSIGNED DEWEY CALL NUMBER (OCLC)
Classification number 658.3009417
Item number R295
245 00 - TITLE STATEMENT
Title Recession at work
Medium [electronic resource] :
Remainder of title HRM in the Irish crisis /
Statement of responsibility, etc. William K. Roche ... [et al.].
260 ## - PUBLICATION, DISTRIBUTION, ETC. (IMPRINT)
Place of publication, distribution, etc. New York :
Name of publisher, distributor, etc. Routledge,
Date of publication, distribution, etc. 2013.
300 ## - PHYSICAL DESCRIPTION
Extent xiv, 235 p. :
Other physical details ill.
490 1# - SERIES STATEMENT
Series statement Routledge advances in management and business studies ;
Volume/sequential designation 55
504 ## - BIBLIOGRAPHY, ETC. NOTE
Bibliography, etc Includes bibliographical references (p. [217]-222) and index.
505 0# - FORMATTED CONTENTS NOTE
Formatted contents note 1. Introduction -- 2. Recession, the labour market and the conduct of human resource management -- 3. Human resource management in the recession : results of survey of employers -- 4. Human resource managers : the effects of the recession and HR responses -- 5. Human resource managers : good human resource management in the recession -- 6. Trade union officials : representing members in the recession -- 7. Containing job losses and staying on course : Irish life and permanent, Sherry FitzGerald and Dublin Airport Authority -- 8. Maintaining trust and developing competencies in challenging business times : Superquinn, Medtronic and Ericsson -- 9. Human resources in the recession : summary and conclusions.
530 ## - ADDITIONAL PHYSICAL FORM AVAILABLE NOTE
Additional physical form available note Also available in print edition.
538 ## - SYSTEM DETAILS NOTE
System details note Mode of access: World Wide Web.
650 #0 - SUBJECT ADDED ENTRY--TOPICAL TERM
Topical term or geographic name as entry element Personnel management
Geographic subdivision Ireland
General subdivision History
Chronological subdivision 21st century.
650 #0 - SUBJECT ADDED ENTRY--TOPICAL TERM
Topical term or geographic name as entry element Recessions
Geographic subdivision Ireland
General subdivision History
Chronological subdivision 21st century.
651 #0 - SUBJECT ADDED ENTRY--GEOGRAPHIC NAME
Geographic name Ireland
General subdivision Economic conditions
Chronological subdivision 21st century.
655 #7 - INDEX TERM--GENRE/FORM
Genre/form data or focus term Electronic books.
Source of term lcsh
700 1# - ADDED ENTRY--PERSONAL NAME
Personal name Roche, William K.,
Dates associated with a name 1957-
776 1# - ADDITIONAL PHYSICAL FORM ENTRY
International Standard Book Number 9780415832465 (hardback)
830 #0 - SERIES ADDED ENTRY--UNIFORM TITLE
Uniform title Routledge advances in management and business studies ;
Volume number/sequential designation 55.
856 40 - ELECTRONIC LOCATION AND ACCESS
Uniform Resource Identifier <a href="http://www.tandfebooks.com/isbn/9780203427378">http://www.tandfebooks.com/isbn/9780203427378</a>

No items available.